000
00291cam a22001097a 4500
008
180718b1954 xxu||||| |||| 00| 0 eng d
082
_a
G93x42 L41/1
245
_a
Law in action: a series of broadcast talks
260
_a
London
_b
Stevens
_c
1954
300
_a
90p
650
_a
Law --Great Britain
999
_c
371661
_d
371661